Eu Sei - Statistics

Estatísticas Gerais
  • Esse quiz foi jogado 9 vezes
  • A pontuação média é 61 de 101
Estatísticas das Respostas
% Correto
a
100%
A
100%
e
100%
é
100%
eu
100%
Eu
100%
que
100%
se
100%
sei
100%
você
88%
do
75%
meu
75%
não
75%
Não
75%
o
75%
Por
75%
por
75%
sem
75%
seu
75%
agora
63%
Com
63%
quer
63%
ser
63%
63%
acabou
50%
alguém
50%
dia
50%
Feche
50%
fugir
50%
Mas
50%
noite
50%
os
50%
pode
50%
Porque
50%
porta
50%
quarto
50%
quem
50%
quero
50%
sabe
50%
talvez
50%
telefone
50%
tenhamos
50%
toca
50%
Um
50%
erro
38%
erros
38%
estilo
38%
falar
38%
faz
38%
honras
38%
horas
38%
Lembranças
38%
lembrar
38%
mais
38%
mentir
38%
minto
38%
novo
38%
Palavras
38%
pássaro
38%
promessas
38%
são
38%
seus
38%
Sexo
38%
Somos
38%
também
38%
verbal
38%
descobrir
25%
forte
25%
histórias
25%
longe
25%
ninho
25%
pretendo
25%
tentar
25%
Nenhum quiz correspondente encontrado
Distribuição das Pontuações
Porcentagem de Pessoas com Cada Pontuação
Percentil de Números Respondidos
Sua Pontuação Histórica
Você não jogou esse quiz